| 000 | 00808nam a2200205Ia 4500 | ||
|---|---|---|---|
| 003 | GCL | ||
| 008 | 140319s9999 xx 000 0 ara d | ||
| 040 |
_aGCL / _cGCL |
||
| 082 | 0 | 4 |
_a327.11 _bع ي |
| 100 | 1 | _aعثمان كامل حسين | |
| 245 | 1 | 0 |
_aيوميات الحرب الامريكية المبرمجة على العراق / _cعثمان كامل حسين |
| 700 | 1 | _aمصطفى ابراهيم الشرقاوى | |
| 700 | 1 | _aيسرى قنديل | |
| 260 |
_aالقاهرة : _bالمكتب المصرى الحديث |
||
| 300 |
_a526 ص ؛ _c24 سم |
||
| 650 | 0 | 4 | _aالعراق - تاريخ -العصر الحديث |
| 650 | 0 | 4 | _aالعراق - تاريخ - العصر الحديث - صدام حسين |
| 650 | 0 | 4 | _aالاعتداء الامريكى على العراق |
| 942 |
_2ddc _cBK |
||
| 999 |
_c6086 _d6086 |
||